Atlanta Falcons Roster 2025 - Statistics

General Stats
  • This quiz has been taken 58 times
  • The average score is 21 of 81
Answer Stats
Pos. Answer % Correct
QB Michael Penix Jr
100%
QB Kirk Cousins
93%
RB Bijan Robinson
80%
WR Drake London
80%
NT LaCale London
76%
WR Darnell Mooney
70%
SS Jessie Bates III
63%
TE Kyle Pitts
63%
RB Tyler Allgeier
59%
PK Younghoe Koo
54%
LT Jake Matthews
52%
WR Jesse Matthews
52%
QB Easton Stick
50%
RG Chris Lindstrom
48%
WR Ray-Ray McCloud
48%
SLB Jalon Walker
46%
WLB James Pearce Jr
41%
WR KhaDarel Hodge
37%
LG Matthew Bergeron
37%
P Bradley Pinion
35%
WR Casey Washington
35%
RDE Brandon Dorlus
33%
RB Carlos Washington Jr
33%
RT Kaleb McGary
33%
TE Feleipe Franks
28%
FS Xavier Watts
28%
TE Charlie Woerner
26%
NB Dee Alford
26%
QB Emory Jones
26%
RDE David Onyemata
24%
LILB Kaden Eliss
24%
C Ryan Neuzil
24%
RCB Cobee Bryant
22%
LG Elijah Wilkinson
22%
RCB Mike Hughes
22%
WR Nick Nash
22%
LDE Zach Harrison
22%
SLB Arnold Ebiketie
20%
NB Billy Bowman Jr
20%
SLB Bralen Trice
17%
LT Jack Nelson
17%
WR Jamal Agnew
17%
PR Jamal Agnew
17%
NT Ruke Orhorhoro
17%
WR Chris Blair
15%
RILB Divine Deablo
15%
RT Jordan Williams
15%
NT Kentavius Street
15%
RCB Mike Ford Jr
15%
TE Teagan Quitoriano
15%
WR David Sills V
13%
SS DeMarcco Hellams
13%
LILB JD Bertrand
13%
C Jovaughn Gwyn
13%
RG Kyle Hinton
13%
PK Lenny Krieg
13%
C Michael Gonzalez
13%
LT Storm Norton
13%
LILB Caleb Johnson
11%
WR Dylan Drummond
11%
RILB Josh Woods
11%
LS Liam McCullough
11%
RT Brandon Parker
9%
WLB DeAngelo Malone
9%
WR DJ Chark Jr
9%
FS Josh Thompson
9%
RDE Ta'Quon Graham
9%
RILB Troy Andersen
9%
RB Elijah Dotson
7%
FS Jordan Fuller
7%
SLB Khalid Kareem
7%
LDE Morgan Fox
7%
RCB Clark Phillips III
4%
LG Joshua Gray
4%
WLB Leonard Floys
4%
C Matthew Cindric
2%
LILB Nick Kubitz
2%
LDE Simeon Barrow Jr
2%
RT Tyrone Wheatley Jr
2%
LT Kilian Zierer
0%
SS Malik Verdon
0%
No matching quizzes found
Score Distribution
Percent of People with Each Score
Percentile by Number Answered
Your Score History
You have not taken this quiz